[Event "BRA-ch U20"]
[Site "Campinas"]
[Date "2011.04.22"]
[Round "3"]
[White "Cunha, Lucas Aguiar"]
[Black "De Oliveira, Lucas Cleto"]
[Result "1-0"]
[WhiteElo "2142"]
[BlackElo "1398"]
[PlyCount "47"]
[EventDate "2011.04.21"]
[EventType "swiss"]
[EventRounds "8"]
[EventCountry "BRA"]
[SourceTitle "CBM 142 Extra"]
[Source "ChessBase"]
[SourceDate "2011.06.27"]
[SourceVersion "1"]
[SourceVersionDate "2011.06.27"]
[SourceQuality "1"]

1. e4 e6 2. d4 d5 3. e5 c5 4. c3 Nc6 5. Nf3 a6 6. a3 b5 7. b4 c4 8. a4 Bd7 9. a5 f6 10. g3 Qc7 11. Bd2 fxe5 12. Nxe5 Nxe5 13. Bf4 Bd6 14. dxe5 Be7 15. Bg2 0-0-0 16. 0-0 g5 17. Be3 Qb8 18. Nd2 h6 19. Bb6 Rf8 20. Nf3 g4 21. Nd4 Qxe5 22. Re1 Qf6 23. Nxe6 Qxf2+ 24. Bxf2 1-0